शतपथ ब्राह्मणम् (Record no. 1464279)
[ view plain ]
| 000 -LEADER | |
|---|---|
| fixed length control field | 01910 a2200325 4500 |
| 003 - CONTROL NUMBER IDENTIFIER | |
| control field | OSt |
| 005 - DATE AND TIME OF LATEST TRANSACTION | |
| control field | 20260413162045.0 |
| 008 - FIXED-LENGTH DATA ELEMENTS--GENERAL INFORMATION | |
| fixed length control field | 260310b |||||||| |||| 00| 0 eng d |
| 020 ## - INTERNATIONAL STANDARD BOOK NUMBER | |
| International Standard Book Number | 9789389329292 (खण्ड 4) (pbk) |
| 037 ## - SOURCE OF ACQUISITION | |
| Terms of availability | REF |
| 040 ## - CATALOGING SOURCE | |
| Original cataloging agency | CRL |
| Transcribing agency | CRL |
| 041 ## - LANGUAGE CODE | |
| Source of code | hin |
| Language code of text/sound track or separate title | hin |
| Language code of original | san |
| 084 ## - COLON CLASSIFICATION NUMBER | |
| Classification number | Q127:22 15R2.1-.4 (RR) |
| Assigning agency | CRL |
| 245 ## - TITLE STATEMENT | |
| Title | शतपथ ब्राह्मणम् |
| 260 ## - PUBLICATION, DISTRIBUTION, ETC. | |
| Place of publication, distribution, etc. | दिल्ली, भारत: |
| Name of publisher, distributor, etc. | चौखम्भा ओरियन्टालिया, |
| Date of publication, distribution, etc. | 2022. |
| 300 ## - PHYSICAL DESCRIPTION | |
| Extent | खण्ड 1 (1-284पृ.), खण्ड 2 (1-493पृ.), खण्ड 3 (1-644पृ.), खण्ड 4 (1-561पृ.) |
| 365 ## - TRADE PRICE | |
| Price amount | खण्ड 1 - 425.00 |
| Currency code | INR |
| 365 ## - TRADE PRICE | |
| Price amount | खण्ड 2 - 750.00 |
| Currency code | INR |
| 365 ## - TRADE PRICE | |
| Price amount | खण्ड 3 - 875.00 |
| Currency code | INR |
| 365 ## - TRADE PRICE | |
| Price amount | खण्ड 4 - 900.00 |
| Currency code | INR |
| 490 ## - SERIES STATEMENT | |
| Series statement | गोकुलदास संस्कृत ग्रंथमाला - 154 |
| 650 ## - SUBJECT ADDED ENTRY--TOPICAL TERM | |
| Topical term or geographic name entry element | धर्म |
| 650 ## - SUBJECT ADDED ENTRY--TOPICAL TERM | |
| Topical term or geographic name entry element | ब्राह्मण |
| 9 (RLIN) | 1131539 |
| 700 ## - ADDED ENTRY--PERSONAL NAME | |
| Personal name | झा, सुंदर नारायण |
| Relator term | अनुवादक |
| 942 ## - ADDED ENTRY ELEMENTS (KOHA) | |
| Koha item type | Reference |
| Source of classification or shelving scheme | Colon Classification (CC) |
| Classification part | Q127:22 15R2.1-.4 (RR) |
| Withdrawn status | Lost status | Source of classification or shelving scheme | Damaged status | Not for loan | Home library | Current library | Date acquired | Source of acquisition | Cost, normal purchase price | Serial Enumeration / chronology | Inventory number | Total Checkouts | Full call number | Barcode | Date last seen | Cost, replacement price | Price effective from | Koha item type |
|---|---|---|---|---|---|---|---|---|---|---|---|---|---|---|---|---|---|---|
| Colon Classification (CC) | Central Library | Central Library | 2026-02-11 | 25/ ईस्टर्न बुक लिंकर्स | 340.00 | भाग - 1 | 94 & 2026-02-06 | Q127:22 15R2.1 | CL1925945 | 2026-02-11 | 425.00 | 2026-02-11 | Reference | |||||
| Colon Classification (CC) | Central Library | Central Library | 2026-02-11 | 25 | 600.00 | Vol. - .2 | 2026-02-11 | 750.00 | 2026-02-11 | Textbook | ||||||||
| Colon Classification (CC) | Central Library | Central Library | 2026-02-11 | 25 | 700.00 | भाग - .3 | 2026-02-11 | 875.00 | 2026-02-11 | Textbook | ||||||||
| Colon Classification (CC) | Ordered | Central Library | Central Library | 2026-02-11 | 25 | 720.00 | Vol. - .4 | 2026-02-11 | 900.00 | 2026-02-11 | Textbook |
